Statistiques concernant Pays organisateur de la Coupe du Monde

Cliquez ici pour prendre le quiz!

Statistiques générales

  • Ce quiz a été pris 167 fois
  • Le résultat moyen est 30 sur 33

Statistiques - réponses

AnnéeOrganisateur% Correct
1950Brésil
99%
2014Brésil
99%
1938France
99%
1998France
99%
2018Russie
99%
2006Allemagne
98%
1974Allemagne
98%
États-Unis
98%
1994États-Unis
98%
2022Qatar
97%
1982Espagne
96%
Espagne
96%
1990Italie
96%
1934Italie
96%
1986Mexique
96%
1970Mexique
96%
Mexique
96%
1978Argentine
94%
2030Argentine
94%
2026Canada
93%
2002Japon
91%
Uruguay
91%
1930Uruguay
91%
Portugal
90%
2010Afrique du sud
88%
Corée du Sud
87%
1966Angleterre
86%
Maroc
85%
1958Suède
72%
1962Chili
71%
2034Arabie Saoudite
70%
1954Suisse
66%
Paraguay
62%

Distribution des résultats

Percentile par nombre de réponses

% des personnes avec chaque résultat

Votre développement - résultats

Vous n’avez pas pris ce quiz